| 000 | 00846 a2200229 4500 | ||
|---|---|---|---|
| 999 |
_c7806 _d7806 |
||
| 020 | _a9781849464444 (pbk.) | ||
| 020 | _a1849464448 (pbk.) | ||
| 050 | 0 | 0 | _aKF9201SIM2013 |
| 100 | 1 |
_aSimester, A. P., _eauthor. |
|
| 245 | 1 | 0 |
_aSimester and Sullivan's criminal law : _btheory and doctrine / _cA.P. Simester, J.R. Spencer, G.R. Sullivan and G.J. Virgo. |
| 250 | _aFifth edition. | ||
| 264 | 1 |
_aOxford, United Kingdom ; _bHart Publishing, _c2013. |
|
| 300 | _alxxxvi, 893 pages ; | ||
| 500 | _aincludes index | ||
| 504 | _aIncludes bibliographical references (pages 829-854) and index. | ||
| 650 | 0 | _aCriminal law | |
| 700 | 1 |
_aSpencer, John R., _d1946- _eauthor. |
|
| 700 | 1 |
_aSullivan, G. R., _eauthor. |
|
| 700 | 1 |
_aVirgo, Graham, _eauthor. |
|
| 942 |
_2lcc _cBK _h9201 _iSIM _kKF |
||